| 000 | 01702cam a22004694i 4500 | ||
|---|---|---|---|
| 003 | PE-LiUPU | ||
| 005 | 20250731173411.0 | ||
| 008 | s1997 flu r 00 0 spa d | ||
| 020 | _a0829718672 | ||
| 035 | _a(Sirsi) i9780829718676 | ||
| 035 | _a(Sirsi) 46355 | ||
| 035 | _a(Sirsi) 46355 | ||
| 041 | _aes | ||
| 082 | 0 | 4 |
_a231.044 _bY91 |
| 100 | 1 | _aYonggi Cho, David | |
| 245 | 1 | 0 |
_aDios Padre, Hijo y Espíritu Santo / _cDavid Yonggi Cho. |
| 264 | 1 |
_aMiami, Florida : _bVida, _c1997 |
|
| 300 |
_a238 páginas ; _c22 centímetros |
||
| 336 |
_atext _2rdacontent |
||
| 337 |
_aunmediated _2rdamedia |
||
| 338 |
_avolume _2rdacarrier |
||
| 505 | 0 | _aDios el Padre -- Los caminos de Dios -- Jehová Dios, el Pastor -- La imagen de Dios -- La voluntad de Dios -- Jesucristo, el Hijo -- Jesús, el que viene con la nueva respuesta -- ¿Por qué sufrió Jesús? -- La resurrección de Jesús. | |
| 526 | _aSEG42 | ||
| 526 | _aSEG41 | ||
| 526 | _aSEG40 | ||
| 526 | _aSEG39 | ||
| 526 | _aP94 | ||
| 526 | _aP87 | ||
| 526 | _aP86 | ||
| 526 | _aP85 | ||
| 526 | _aP77 | ||
| 526 | _aP76 | ||
| 526 | _aP35 | ||
| 650 | 1 | 4 |
_aTrinidad _93711 |
| 942 |
_2ddc _cBOOK |
||
| 949 |
_a231.044 Y91 _i63925 _lCCODEBUL1 _mBUL _tLIBRO _o.STAFF. Colección Teología |
||
| 859 |
_q63925 _h231.044 _iY91 |
||
| 910 |
_agl _bjv _clch _d20111031 |
||
| 596 | _a1 | ||
| 999 |
_a231.044 Y91 _wDEWEY _c52782 _i63925 _d52782 _e2016-9-13 _f2021-11-9 _g5 _lCCODEBUL1 _mBUL _n6 _p12.00 _q7 _r0 _sY _tBOOK _u2015-7-6 _xTEOLOGIA _PP35 _0COMPRA _o.STAFF. Colección Teología |
||
| 980 |
_81 _gALBERTO SANCHEZ Responsable de Automatización |
||